温泉むすめのキャラクター - Statistics

General Stats
  • This quiz has been taken 16 times
  • The average score is 11 of 128
Answer Stats
都道府県 キャラクター % Correct
その他 スクナヒコ
42%
北海道 登別綾瀬
42%
福島 磐梯熱海萩
42%
岐阜 下呂美月
42%
島根 松江しんじ湖しじみ
42%
群馬 草津結衣奈
33%
兵庫 有馬楓花
33%
北海道 湯の川聖羅
25%
北海道 定山渓泉美
25%
北海道 洞爺湖のんの
25%
宮城 松島名月
25%
秋田 乳頭和
25%
福島 飯坂真尋
25%
埼玉 秩父美祭
25%
新潟 越後湯沢かすみ
25%
沖縄 西表島八重夏
25%
台湾 尖石内湾
25%
その他 潤目アリア
17%
北海道 雪・キャニオン・層雲峡
17%
北海道 豊富水由
17%
山形 小野川小町
17%
山形 かみのやま庵
17%
福島 いわきあろは
17%
岐阜 高山匠美
17%
兵庫 有馬輪花
17%
兵庫 湯村千代
17%
鳥取 はわい東郷浮乃
17%
岡山 奥津かがみ
17%
高知 あしずり星
17%
北海道 阿寒湖ぴりか
8%
青森 酸ヶ湯紗雪
8%
青森 浅虫夕凪
8%
岩手 花巻吹歌
8%
岩手 山の神皐月
8%
宮城 鳴子夏月
8%
宮城 作並日果
8%
茨城 大子紅葉
8%
栃木 鬼怒川日向
8%
栃木 那須一与
8%
千葉 南房総日由美
8%
東京 大手町梨稟
8%
神奈川 湯河原伊露羽
8%
新潟 月岡来瑠碧
8%
新潟 松之山棚美
8%
富山 宇奈月明嶺
8%
石川 山代八咫
8%
山梨 石和紅
8%
長野 白骨朋依
8%
長野 野沢菜々
8%
長野 昼神夜空
8%
長野 湯田中渋穂波
8%
長野 上諏訪雫音
8%
長野 下諏訪綿音
8%
岐阜 奥飛騨五十鈴
8%
静岡 熱海初夏
8%
静岡 伊東椿月
8%
三重 志摩茉莉也
8%
三重 鳥羽亜矢海
8%
兵庫 城崎亜莉咲
8%
和歌山 白浜帆南美
8%
和歌山 龍神晴
8%
和歌山 南紀勝浦樹紀
8%
鳥取 皆生なぎさ
8%
鳥取 三朝歌蓮
8%
島根 玉造彗
8%
愛媛 道後泉海
8%
佐賀 嬉野六香
8%
熊本 阿蘇ほむら
8%
大分 奏・バーデン・由布院
8%
宮城 秋保那菜子
0%
秋田 玉川百合亜
0%
山形 銀山心雪
0%
山形 あつみ詩鶴
0%
山形 蔵王巴
0%
福島 東山季利花
0%
福島 日中早百合
0%
栃木 塩原八弥
0%
群馬 伊香保葉凪
0%
群馬 万座千斗星
0%
群馬 四万治佳
0%
群馬 水上凛心
0%
千葉 鴨川茉凛
0%
神奈川 箱根彩耶
0%
神奈川 強羅かんな
0%
神奈川 仙石原三香沙
0%
新潟 赤倉茅咲
0%
石川 和倉雅奈
0%
石川 山中そらら
0%
福井 芦原小梅
0%
山梨 河口湖多佳美
0%
山梨 山中湖忍
0%
岐阜 長良川かがり
0%
岐阜 平湯みつば
0%
静岡 修善寺透子
0%
静岡 下田莉華
0%
静岡 土肥間由
0%
静岡 舘山寺萌湖
0%
愛知 南知多まゆの
0%
三重 榊原伊都
0%
滋賀 おごと寧々
0%
京都 嵐山紫雨
0%
大阪 犬鳴山命
0%
奈良 十津川飛香
0%
奈良 洞川蓮
0%
島根 温泉津佐間
0%
岡山 湯原砂和
0%
岡山 湯郷美彩
0%
広島 宮浜仁佳
0%
山口 長門櫻
0%
山口 湯田薫
0%
徳島 祖谷メグリ
0%
香川 こんぴら桃萌
0%
香川 塩江修子
0%
愛媛 鈍川まなみ
0%
福岡 原鶴美鵺
0%
佐賀 武雄星知
0%
長崎 平戸基恵
0%
長崎 雲仙伊乃里
0%
長崎 小浜 あまね
0%
熊本 黒川姫楽
0%
熊本 玉名満美
0%
熊本 人吉青井
0%
大分 別府環綺
0%
大分 日田絢芽
0%
大分 湯平燈華
0%
宮崎 北郷このみ
0%
鹿児島 指宿絵璃菜
0%
鹿児島 霧島黒恵
0%
No matching quizzes found
Score Distribution
Percent of People with Each Score
Percentile by Number Answered
Your Score History
You have not taken this quiz